Famous Poems' Last Lines Quiz Stats

 Plays Quiz Updated Feb 20, 2020

Support Sporcle.
Go Orange.
Score 0/22 Timer 10:00
0 Plays Today
Last Lines Poem % Correct
'Shall be lifted-- nevermore.'The Raven
80.4%
'Through Eden took their solitary way.'Paradise Lost
55.1%
'Noble six hundred.'Charge of the Light Brigade
55.1%
'And the mome raths outgrabe.'Jabberwocky
50.9%
'And thus they buried Hector, tamer of horses.'Iliad
48.5%
'Dare frame thy fearful symmetry?'The Tyger
44.1%
'And-which is more-you'll be a man, my son!'If
35.8%
'The lone and level sands stretch far away.'Ozymandias
26.9%
'Shantih shantih shantih.'The Waste-Land
26.2%
'Or does it explode?'Dream Deferred
24.2%
'Good fences make good neighbors.'Mending Wall
21.9%
Last Lines Poem % Correct
'Ye know on earth, and all ye need to know.'Ode on a Grecian Urn
21.1%
'Fallen cold and dead.'O Captain My Captain
19.9%
'So long lives this, and this gives life to thee.'Sonnet 18
19.4%
'And drunk the milk of Paradise.'Kubla Khan
18.4%
'Railroads and Freight Handler to the Nation.'Chicago
17.9%
'Which Claus of Innsbruck cast in bronze for me.'My Last Duchess
16.3%
'Where ignorant armies clash by night.'Dover Beach
15.8%
'Thence we came forth to rebehold the stars.'Inferno
12.7%
'Were toward eternity.'Because I could not stop for death
10.7%
'sun moon stars rain.'anyone lived in a pretty how town
7.4%
'Leaving thine outgrown shell by life's unresting sea.'The Chambered Nautilus
5.8%

You're not logged in!

Compare scores with friends on all Sporcle quizzes.
OR
Log In
Remove Ads.
Support Sporcle.
Get the best of Sporcle when you Go Orange. This ad-free experience offers more features, more stats, and more fun while also helping to support Sporcle. Thank you for becoming a member.

Show Comments

Extras

Top Quizzes Today


Score Distribution

Your Account Isn't Verified!

In order to create a playlist on Sporcle, you need to verify the email address you used during registration. Go to your Sporcle Settings to finish the process.

Report this User

Report this user for behavior that violates our Community Guidelines.

Details: